00553nam a2200181Ii 450000100060000000300090000600800410001504000330005604100080008908200180009710000280011524500740014326400610021730000120027833600260029033700280031633800270034411464CO-ViMGA241108s9999||||xx |||||||||||||| ||und|| aCO-ViMGAbspaerdacCO-ViMGA0 aunk04a891.8635-O72m1 aOlegario Ordoñez Diaz10aAnálisis literario de la Metamorfosis y Carta al Padre, Franz Kafka 1a[Lugar de publicación no identificado] : Esquilo, 1999 avolumen atextbtxt2rdacontent aunmediatedbn2rdamedia avolumebnc2rdacarrier